Normal view MARC view

Entry Personal Name

Number of records used in: 1

001 - CONTROL NUMBER

  • control field: 162662

003 - CONTROL NUMBER IDENTIFIER

  • control field: OSt

005 - DATE AND TIME OF LATEST TRANSACTION

  • control field: 20220923212627.0

008 - FIXED-LENGTH DATA ELEMENTS

  • fixed length control field: 220923|| aca||aabn | a|a d

040 ## - CATALOGING SOURCE

  • Original cataloging agency: OSt
  • Transcribing agency: OSt

100 ## - HEADING--PERSONAL NAME

  • Personal name: हेब्बल्ली, व्ही0 व्ही0

670 ## - SOURCE DATA FOUND

  • Source citation: Work cat.: (OSt)310282: हेब्बल्ली, व्ही0 व्ही0, हिन्दी और कन्नड़ के नाटको का तुलनात्मक अध्ययन, 1989
Copyright @ Delhi University Library System